000 00577nam a2200217Ia 4500
005 20250508161814.0
008 008 250505s9999 xx 000 0 hin d
037 _aBooks to be hide in OPAC
040 _aFEDL
_beng
_cFEDL
041 _ahin
_2eng
084 _aFH, GAR/O
_qFEDL
100 _aGarg Kishore Ed.
_9771598
245 0 _aShyamoo
260 _aDelhi, India
_bRani Prakashak
300 _a84p.
365 _aINR
_b1.5
490 _aBal-Naveenam; 1
546 _aEarlier acc. No. was 16688
942 _cHB
_hFH, GAR/O
999 _c1372311
_d1372311